[Event "FICGS class E 000119 email"]
[Site "FICGS email"]
[Date "2010.02.23"]
[Round "1"]
[White "Leurette, Marc Antoine"]
[Black "Jaspan, Mark"]
[Result "1-0"]
[WhiteElo "1397"]
[BlackElo "1336"]
[PlyCount "43"]
[EventDate "2010.??.??"]
[EventType "tourn (corr)"]
[EventRounds "6"]
[SourceTitle "Corr 2013"]
[Source "ChessBase"]
[SourceDate "2012.11.12"]
[SourceVersion "1"]
[SourceVersionDate "2012.11.12"]
[SourceQuality "1"]

1. e4 c5 2. Nc3 Nc6 3. g3 g6 4. Bg2 Bg7 5. d3 d6 6. Be3 Rb8 7. Qd2 b5 8. Nge2 b4 9. Na4 Qa5 10. Nxc5 dxc5 11. 0-0 Nd4 12. Nxd4 cxd4 13. Bf4 e5 14. Bg5 h6 15. Bh4 g5 16. Bxg5 hxg5 17. Qxg5 Bf6 18. Qd2 Bh3 19. Bxh3 Rxh3 20. Kg2 Rh7 21. Rfd1 Qb5 22. c4 1-0

[Event "FICGS class F 000016 email"]
[Site "FICGS email"]
[Date "2006.11.03"]
[Round "1"]
[White "Caburro, John"]
[Black "Jaspan, Mark"]
[Result "1-0"]
[WhiteElo "1461"]
[BlackElo "1200"]
[PlyCount "53"]
[EventDate "2006.??.??"]
[EventType "tourn (corr)"]
[EventRounds "5"]
[SourceTitle "Corr 2022"]
[Source "ChessBase"]
[SourceDate "2021.10.24"]
[SourceVersion "1"]
[SourceVersionDate "2021.10.24"]
[SourceQuality "1"]

1. e4 c5 2. a3 g6 3. d4 cxd4 4. Qxd4 Nf6 5. e5 Nc6 6. Qd1 Qa5+ 7. Nc3 Qxe5+ 8. Be2 Bg7 9. Nf3 Qb8 10. 0-0 0-0 11. Re1 Rd8 12. Bc4 d5 13. Ba2 e6 14. g3 b5 15. Bf4 Qb6 16. Qe2 Ba6 17. b4 Rac8 18. Nd1 Nh5 19. Be5 Nxe5 20. Nxe5 Bxe5 21. Qxe5 Rxc2 22. Ne3 f6 23. Qxh5 gxh5 24. Nxc2 Kg7 25. Rad1 Bb7 26. Nd4 e5 27. Nf5+ 1-0

[Event "FICGS class F 000016 email"]
[Site "FICGS email"]
[Date "2006.11.03"]
[Round "1"]
[White "Jaspan, Mark"]
[Black "Neil, Charles"]
[Result "1-0"]
[WhiteElo "1200"]
[BlackElo "1336"]
[PlyCount "45"]
[EventDate "2006.??.??"]
[EventType "tourn (corr)"]
[EventRounds "5"]
[SourceTitle "Corr 2022"]
[Source "ChessBase"]
[SourceDate "2021.10.24"]
[SourceVersion "1"]
[SourceVersionDate "2021.10.24"]
[SourceQuality "1"]

1. e4 e6 2. d4 d5 3. Nc3 Nf6 4. e5 Nfd7 5. f4 c5 6. Nf3 a6 7. Be3 Nc6 8. Qd2 Qb6 9. 0-0-0 c4 10. Bxc4 dxc4 11. d5 Qc7 12. dxc6 Qxc6 13. f5 exf5 14. Nd4 Qg6 15. Nd5 Kd8 16. Bg5+ f6 17. Ne6+ Ke8 18. Nec7+ Kf7 19. e6+ Kg8 20. e7 Rb8 21. e8Q Qxe8 22. Nxe8 fxg5 23. Qxg5 1-0

[Event "FICGS class F 000015 email"]
[Site "FICGS email"]
[Date "2006.10.27"]
[Round "1"]
[White "Jaspan, Mark"]
[Black "Knapp, Josh"]
[Result "1-0"]
[WhiteElo "1200"]
[BlackElo "1141"]
[PlyCount "29"]
[EventDate "2006.??.??"]
[EventType "tourn (corr)"]
[EventRounds "5"]
[SourceTitle "Corr 2022"]
[Source "ChessBase"]
[SourceDate "2021.10.24"]
[SourceVersion "1"]
[SourceVersionDate "2021.10.24"]
[SourceQuality "1"]

1. d4 d5 2. c4 dxc4 3. Nf3 Nf6 4. e3 e6 5. Bxc4 c5 6. 0-0 a6 7. Qe2 b5 8. Bb3 Bb7 9. Rd1 Bd6 10. dxc5 Ne4 11. cxd6 Nxd6 12. Bd2 0-0 13. Bb4 Bd5 14. Bxd5 exd5 15. Rxd5 1-0